Iинструкцыеу илъэс 1935-рэм государствэм щэр зэрыращтым ишIыкIэкIэ щыIэр (Запись № 11460729)

Подробности
000 -МАРКЕР
контрольное поле 01583nam0a2200289 4500
001 - ИДЕНТИФИКАТОР ЗАПИСИ
контрольное поле RU\NLR\BIBL_A\012328655
005 - ИДЕНТИФИКАТОР ВЕРСИИ
контрольное поле 20250624015742.0
035 ## - ДРУГИЕ СИСТЕМНЫЕ НОМЕРА
Идентификатор записи (NLR Aleph) 012328655
100 ## - ДАННЫЕ ОБЩЕЙ ОБРАБОТКИ
Данные общей обработки 20200908d1934 |||y0rusy50 ca
101 0# - ЯЗЫК РЕСУРСА
Язык текста, звукозаписи и т.д. адыгейский
102 ## - СТРАНА ПУБЛИКАЦИИ ИЛИ ПРОИЗВОДСТВА
Страна публикации Российская Федерация
105 ## - ПОЛЕ КОДИРОВАННЫХ ДАННЫХ: ТЕКСТОВЫЕ МАТЕРИАЛЫ, МОНОГРАФИЧЕСКИЕ
Кодированные данные о монографическом текстовом документе y z 000 y
181 #0 - ПОЛЕ КОДИРОВАННЫХ ДАННЫХ: ВИД СОДЕРЖАНИЯ
Код вида содержания (ISBD) i
Код характеристики содержания (ISBD) axxe
182 #0 - ПОЛЕ КОДИРОВАННЫХ ДАННЫХ: ТИП СРЕДСТВА
Код типа средства (ISBD) n - непосредственное
200 1# - ЗАГЛАВИЕ И СВЕДЕНИЯ ОБ ОТВЕТСТВЕННОСТИ
Основное заглавие Iинструкцыеу илъэс 1935-рэм государствэм щэр зэрыращтым ишIыкIэкIэ щыIэр
Сведения, относящиеся к заглавию (илъэс 1934-рэм декбрэм и 1-м СССР-м иНародни Комиссариаты иСоветы ыштар)
Параллельное заглавие Инструкция о порядке проведения обязательной поставки молока государству в 1935 году
Сведения, относящиеся к заглавию (утверждено Советом Народных Комиссаров 1 декабря 1934 года)
Первые сведения об ответственности пер. Самогов Д.
203 ## - ВИД СОДЕРЖАНИЯ И ТИП СРЕДСТВА
Вид содержания Текст
Дополнительные сведения об издании визуальный
Тип средства непосредственный
210 ## - ПУБЛИКАЦИЯ, РАСПРОСТРАНЕНИЕ И ДР.
Место издания, распространения и т.д. Краснодар
Имя издателя, распространителя и т. д. Б. и.
Дата издания, распространения и т.д. 1934
215 ## - ФИЗИЧЕСКАЯ ХАРАКТЕРИСТИКА
Специфическое обозначение материала и объем 15,[1] с.
Размеры 21
300 ## - ОБЩИЕ ПРИМЕЧАНИЯ
Текст примечания Латин. графика
510 1# - ПАРАЛЛЕЛЬНОЕ ЗАГЛАВИЕ
Параллельное заглавие Инструкция о порядке проведения обязательной поставки молока государству в 1935 году
Сведения, относящиеся к заглавию (утверждено Советом Народных Комиссаров 1 декабря 1934 года)
Язык заглавия русский
686 1# - ИНДЕКСЫ ДРУГИХ КЛАССИФИКАЦИЙ
Индекс У9(2)32
852 ## - МЕСТОНАХОЖДЕНИЕ И ШИФР ХРАНЕНИЯ
Идентификатор организации NLR
Наименование фонда или коллекции (Sub-Location Identifier) ОНЛ
Шифр хранения (Call Number) Адыг./3-121
852 ## - МЕСТОНАХОЖДЕНИЕ И ШИФР ХРАНЕНИЯ
Идентификатор организации NLR
Наименование фонда или коллекции (Sub-Location Identifier) ОНЛ
Шифр хранения (Call Number) Адыг./3-121
942 ## - ДОПОЛНИТЕЛЬНЫЕ ЭЛЕМЕНТЫ ЗАПИСИ (АБИС)
Тип экземпляра АБИС Книга
980 ## - КОЛЛЕКЦИЯ
Название коллекции Национальная библиография
Экземпляры
Тип экземпляра Дата поступления Библиотека постоянного хранения Библиотека текущего хранения Место хранения Шифр хранения Штрих-код Статус экземпляра
Книга 08.09.2020 РНБ (Московский) РНБ (Московский) Фонд национальных литератур ОНЛ Адыг./3-121 1-2425102  
Книга 08.09.2020 РНБ (Московский) РНБ (Московский) Фонд национальных литератур ОНЛ Адыг./3-121 1-2425103